[Event "2022 Welsh Championship"]
[Site "Cardiff"]
[Date "2022.04.18"]
[Round "7"]
[Board "4"]
[White "Thomas, James"]
[Black "Bullen, Alex"]
[Result "0-1"]
[WhiteElo "1941"]
[BlackElo "2079"]
[PlyCount "0"]
[EventDate "2022.04.15"]
[EventRounds "7"]
[EventCountry "WLS"]

1. e4 {[%clk 01:30:56]} {[%emt 00:00:03]} c6 {[%clk 01:30:55]} {[%emt
00:00:05]} 2. d4 {[%clk 01:31:13]} {[%emt 00:00:14]} d5 {[%clk 01:31:20]}
{[%emt 00:00:05]} 3. e5 {[%clk 01:31:27]} {[%emt 00:00:16]} Bf5 {[%clk
01:31:43]} {[%emt 00:00:07]} 4. h4 {[%clk 01:31:34]} {[%emt 00:00:23]} Qc7
{[%clk 01:31:59]} {[%emt 00:00:13]} 5. g4 {[%clk 01:29:29]} {[%emt 00:02:35]}
Bd7 {[%clk 01:32:22]} {[%emt 00:00:07]} 6. c4 {[%clk 01:26:49]} {[%emt
00:03:11]} e6 {[%clk 01:32:03]} {[%emt 00:00:49]} 7. Nc3 {[%clk 01:24:45]}
{[%emt 00:02:34]} a6 {[%clk 01:30:30]} {[%emt 00:02:03]} 8. Nf3 {[%clk
01:22:21]} {[%emt 00:02:54]} Ne7 {[%clk 01:29:17]} {[%emt 00:01:42]} 9. b3
{[%clk 01:14:32]} {[%emt 00:08:20]} c5 {[%clk 01:26:06]} {[%emt 00:03:41]} 10.
Bg5 {[%clk 01:02:06]} {[%emt 00:12:56]} cxd4 {[%clk 01:25:26]} {[%emt
00:01:11]} 11. Qxd4 {[%clk 00:59:42]} {[%emt 00:02:54]} Nec6 {[%clk 01:19:20]}
{[%emt 00:06:36]} 12. Qe3 {[%clk 00:56:20]} {[%emt 00:03:52]} d4 {[%clk
01:14:06]} {[%emt 00:05:44]} 13. Nxd4 {[%clk 00:52:21]} {[%emt 00:04:29]} Nxd4
{[%clk 01:14:26]} {[%emt 00:00:09]} 14. Qxd4 {[%clk 00:52:07]} {[%emt
00:00:45]} Bc5 {[%clk 01:14:35]} {[%emt 00:00:21]} 15. Qd2 {[%clk 00:45:31]}
{[%emt 00:07:06]} Qxe5+ {[%clk 01:09:10]} {[%emt 00:05:55]} 16. Be2 {[%clk
00:44:59]} {[%emt 00:01:01]} Nc6 {[%clk 00:56:19]} {[%emt 00:13:21]} 17. O-O-O
{[%clk 00:39:35]} {[%emt 00:05:54]} Qd4 {[%clk 00:49:09]} {[%emt 00:07:39]} 18.
Qe1 {[%clk 00:34:49]} {[%emt 00:05:16]} Qe5 {[%clk 00:46:48]} {[%emt 00:02:51]}
19. Rh3 {[%clk 00:30:06]} {[%emt 00:05:14]} f6 {[%clk 00:44:18]} {[%emt
00:02:58]} 20. Be3 {[%clk 00:21:16]} {[%emt 00:09:21]} Bb4 {[%clk 00:39:08]}
{[%emt 00:05:41]} 21. Kb2 {[%clk 00:20:11]} {[%emt 00:01:35]} Qa5 {[%clk
00:37:27]} {[%emt 00:02:11]} 22. Bc1 {[%clk 00:17:36]} {[%emt 00:03:05]} O-O-O
{[%clk 00:35:53]} {[%emt 00:02:03]} 23. f4 {[%clk 00:15:01]} {[%emt 00:03:06]}
Rhe8 {[%clk 00:34:40]} {[%emt 00:01:43]} 24. Bf3 {[%clk 00:13:35]} {[%emt
00:01:56]} e5 {[%clk 00:31:06]} {[%emt 00:04:04]} 25. Bxc6 {[%clk 00:12:59]}
{[%emt 00:01:06]} Bxc6 {[%clk 00:31:12]} {[%emt 00:00:23]} 26. Rxd8+ {[%clk
00:11:06]} {[%emt 00:02:23]} Qxd8 {[%clk 00:29:29]} {[%emt 00:02:13]} 27. fxe5
{[%clk 00:09:45]} {[%emt 00:01:52]} Rxe5 {[%clk 00:28:39]} {[%emt 00:01:20]} 28.
Re3 {[%clk 00:09:34]} {[%emt 00:00:41]} Qd4 {[%clk 00:26:15]} {[%emt 00:02:54]}
29. Rxe5 {[%clk 00:05:29]} {[%emt 00:04:35]} fxe5 {[%clk 00:25:37]} {[%emt
00:01:07]} 30. a3 {[%clk 00:05:04]} {[%emt 00:00:55]} Ba5 {[%clk 00:25:06]}
{[%emt 00:01:00]} 31. b4 {[%clk 00:04:33]} {[%emt 00:01:02]} Bc7 {[%clk
00:24:18]} {[%emt 00:01:18]} 32. Qe2 {[%clk 00:04:30]} {[%emt 00:00:33]} Bd7
{[%clk 00:21:59]} {[%emt 00:02:48]} 33. Be3 {[%clk 00:03:26]} {[%emt 00:01:35]}
Qxg4 {[%clk 00:21:14]} {[%emt 00:01:14]} 34. Qf2 {[%clk 00:03:03]} {[%emt
00:00:52]} Qf5 {[%clk 00:19:14]} {[%emt 00:02:30]} 35. Qg2 {[%clk 00:02:51]}
{[%emt 00:00:43]} Qf7 {[%clk 00:14:04]} {[%emt 00:05:39]} 36. Nd5 {[%clk
00:02:09]} {[%emt 00:01:13]} Bd8 {[%clk 00:10:15]} {[%emt 00:04:19]} 37. Qe4
{[%clk 00:01:54]} {[%emt 00:00:45]} Bc6 {[%clk 00:06:50]} {[%emt 00:03:56]} 38.
Qxe5 {[%clk 00:01:30]} {[%emt 00:00:54]} Bxd5 {[%clk 00:07:11]} {[%emt
00:00:09]} 39. Qxd5 {[%clk 00:01:48]} {[%emt 00:00:11]} Qxd5 {[%clk 00:07:02]}
{[%emt 00:00:39]} 40. cxd5 {[%clk 00:02:14]} {[%emt 00:00:05]} Bxh4 {[%clk
00:07:20]} {[%emt 00:00:12]} 41. a4 {[%clk 00:27:16]} {[%emt 00:05:28]} Bg3
{[%clk 00:34:25]} {[%emt 00:03:24]} 42. Kc3 {[%clk 00:24:28]} {[%emt 00:03:18]}
h5 {[%clk 00:33:32]} {[%emt 00:01:23]} 43. Kd3 {[%clk 00:23:40]} {[%emt
00:01:18]} h4 {[%clk 00:33:38]} {[%emt 00:00:24]} 44. Ke4 {[%clk 00:23:19]}
{[%emt 00:00:52]} h3 {[%clk 00:31:44]} {[%emt 00:02:23]} 45. Kf3 {[%clk
00:23:36]} {[%emt 00:00:13]} h2 {[%clk 00:32:01]} {[%emt 00:00:13]} 46. Kg2
{[%clk 00:24:00]} {[%emt 00:00:07]} Kc7 {[%clk 00:31:32]} {[%emt 00:00:59]} 47.
Bc5 {[%clk 00:20:27]} {[%emt 00:04:03]} b6 {[%clk 00:29:26]} {[%emt 00:02:36]}
48. Bf8 {[%clk 00:19:22]} {[%emt 00:01:35]} g6 {[%clk 00:28:53]} {[%emt
00:01:04]} 49. b5 {[%clk 00:18:31]} {[%emt 00:01:21]} a5 {[%clk 00:27:31]}
{[%emt 00:01:52]} 50. Bg7 {[%clk 00:14:49]} {[%emt 00:04:12]} Kd7 {[%clk
00:26:33]} {[%emt 00:01:28]} 51. Bf6 {[%clk 00:13:54]} {[%emt 00:01:26]} Bc7
{[%clk 00:16:33]} {[%emt 00:10:30]} 52. Bg5 {[%clk 00:12:04]} {[%emt 00:02:19]}
Be5 {[%clk 00:16:22]} {[%emt 00:00:40]} 53. Be3 {[%clk 00:11:08]} {[%emt
00:01:27]} Kc7 {[%clk 00:15:38]} {[%emt 00:01:15]} 54. Kh1 {[%clk 00:10:12]}
{[%emt 00:01:25]} Bd6 {[%clk 00:14:46]} {[%emt 00:01:22]} 55. Kg2 {[%clk
00:10:02]} {[%emt 00:00:40]} Kb7 {[%clk 00:13:27]} {[%emt 00:01:49]} 56. Bg5
{[%clk 00:09:22]} {[%emt 00:01:09]} Kc8 {[%clk 00:13:11]} {[%emt 00:00:47]} 57.
Kh1 {[%clk 00:08:42]} {[%emt 00:01:10]} Kd7 {[%clk 00:12:50]} {[%emt 00:00:51]}
58. Kg2 {[%clk 00:08:42]} {[%emt 00:00:30]} Ke8 {[%clk 00:07:12]} {[%emt
00:06:08]} 59. Be3 {[%clk 00:07:45]} {[%emt 00:01:27]} Bc7 {[%clk 00:06:30]}
{[%emt 00:01:11]} 60. Bg5 {[%clk 00:05:41]} {[%emt 00:02:34]} Kf7 {[%clk
00:03:00]} {[%emt 00:04:01]} 61. Kh1 {[%clk 00:05:42]} {[%emt 00:00:28]} Ke8
{[%clk 00:02:29]} {[%emt 00:01:01]} 62. Kg2 {[%clk 00:06:05]} {[%emt 00:00:07]}
Bd8 {[%clk 00:02:42]} {[%emt 00:00:17]} 63. Bf4 {[%clk 00:05:48]} {[%emt
00:00:47]} Kd7 {[%clk 00:02:26]} {[%emt 00:00:46]} 64. Bxh2 {[%clk 00:05:45]}
{[%emt 00:00:32]} Bc7 {[%clk 00:02:23]} {[%emt 00:00:33]} 65. Bg1 {[%clk
00:06:00]} {[%emt 00:00:14]} Bd8 {[%clk 00:01:41]} {[%emt 00:01:13]} 66. Kf3
{[%clk 00:05:36]} {[%emt 00:00:55]} Kd6 {[%clk 00:01:26]} {[%emt 00:00:45]} 67.
Ke4 {[%clk 00:05:14]} {[%emt 00:00:51]} g5 {[%clk 00:01:44]} {[%emt 00:00:12]}
68. Kd4 {[%clk 00:04:10]} {[%emt 00:01:35]} g4 {[%clk 00:01:32]} {[%emt
00:00:42]} 69. Bh2+ {[%clk 00:04:06]} {[%emt 00:00:33]} Kd7 {[%clk 00:01:50]}
{[%emt 00:00:12]} 70. d6 {[%clk 00:03:46]} {[%emt 00:00:51]} Bh4 {[%clk
00:01:54]} {[%emt 00:00:26]} 71. Bf4 {[%clk 00:02:36]} {[%emt 00:01:41]} g3
{[%clk 00:01:37]} {[%emt 00:00:46]} 72. Kd5 {[%clk 00:00:57]} {[%emt 00:02:09]}
g2 {[%clk 00:00:54]} {[%emt 00:01:13]} 73. Be3 {[%clk 00:01:15]} {[%emt
00:00:11]} Bg3 {[%clk 00:00:45]} {[%emt 00:00:40]} 74. Bxb6 {[%clk 00:00:45]}
{[%emt 00:01:00]} Bh2 {[%clk 00:00:53]} {[%emt 00:00:21]} 75. Kc4 {[%clk
00:00:33]} {[%emt 00:00:43]} g1=Q {[%clk 00:00:59]} {[%emt 00:00:23]} 76. Bxg1
{[%clk 00:00:59]} {[%emt 00:00:05]} Bxg1 {[%clk 00:01:25]} {[%emt 00:00:04]} 77.
Kd5 {[%clk 00:00:44]} {[%emt 00:00:45]} Bb6 {[%clk 00:01:23]} {[%emt 00:00:32]}
78. Ke5 {[%clk 00:01:08]} {[%emt 00:00:06]} Bc5 {[%clk 00:01:25]} {[%emt
00:00:27]} 79. Kd5 {[%clk 00:01:29]} {[%emt 00:00:09]} Bxd6 {[%clk 00:01:15]}
{[%emt 00:00:40]} 80. b6 {[%clk 00:01:51]} {[%emt 00:00:08]} Bb4 {[%clk
00:01:27]} {[%emt 00:00:18]}  0-1

[Event "2022 Welsh Championship"]
[Site "Cardiff"]
[Date "2022.04.18"]
[Round "7"]
[Board "5"]
[White "Bennett, Patrick"]
[Black "Evans, Nicholas Thomas"]
[Result "1/2-1/2"]
[WhiteElo "1961"]
[BlackElo "1882"]
[PlyCount "0"]
[EventDate "2022.04.15"]
[EventRounds "7"]
[EventCountry "WLS"]

1. d4 {[%clk 01:30:54]} {[%emt 00:00:04]} Nf6 {[%clk 01:30:31]} {[%emt
00:00:30]} 2. Nf3 {[%clk 01:31:17]} {[%emt 00:00:07]} c5 {[%clk 01:29:50]}
{[%emt 00:01:11]} 3. d5 {[%clk 01:30:29]} {[%emt 00:01:18]} d6 {[%clk
01:29:03]} {[%emt 00:01:17]} 4. Nc3 {[%clk 01:26:03]} {[%emt 00:04:56]} a6
{[%clk 01:28:10]} {[%emt 00:01:23]} 5. a4 {[%clk 01:26:16]} {[%emt 00:00:18]}
e5 {[%clk 01:27:24]} {[%emt 00:01:15]} 6. e4 {[%clk 01:26:05]} {[%emt
00:00:41]} Be7 {[%clk 01:22:54]} {[%emt 00:05:01]} 7. Be2 {[%clk 01:26:26]}
{[%emt 00:00:08]} O-O {[%clk 01:23:17]} {[%emt 00:00:07]} 8. O-O {[%clk
01:26:42]} {[%emt 00:00:14]} Ne8 {[%clk 01:21:49]} {[%emt 00:01:59]} 9. Nd2
{[%clk 01:23:41]} {[%emt 00:03:30]} Bg5 {[%clk 01:17:33]} {[%emt 00:04:46]} 10.
Nc4 {[%clk 01:23:17]} {[%emt 00:00:54]} Bxc1 {[%clk 01:17:23]} {[%emt
00:00:40]} 11. Qxc1 {[%clk 01:22:26]} {[%emt 00:01:22]} Nd7 {[%clk 01:12:10]}
{[%emt 00:05:43]} 12. Qd2 {[%clk 01:14:21]} {[%emt 00:08:34]} Rb8 {[%clk
00:59:44]} {[%emt 00:12:56]} 13. a5 {[%clk 01:05:47]} {[%emt 00:09:04]} g6
{[%clk 00:54:27]} {[%emt 00:05:47]} 14. b3 {[%clk 01:01:44]} {[%emt 00:04:34]}
Qe7 {[%clk 00:50:58]} {[%emt 00:03:59]} 15. Rae1 {[%clk 00:58:35]} {[%emt
00:03:39]} f5 {[%clk 00:48:04]} {[%emt 00:03:24]} 16. exf5 {[%clk 00:52:20]}
{[%emt 00:06:44]} gxf5 {[%clk 00:48:19]} {[%emt 00:00:15]} 17. f4 {[%clk
00:52:38]} {[%emt 00:00:12]} e4 {[%clk 00:47:53]} {[%emt 00:00:58]} 18. Kh1
{[%clk 00:40:37]} {[%emt 00:12:30]} Ndf6 {[%clk 00:46:13]} {[%emt 00:02:11]} 19.
h3 {[%clk 00:39:56]} {[%emt 00:01:10]} Kh8 {[%clk 00:41:53]} {[%emt 00:04:50]}
20. Ne3 {[%clk 00:38:09]} {[%emt 00:02:17]} Rg8 {[%clk 00:40:22]} {[%emt
00:02:02]} 21. Na4 {[%clk 00:35:41]} {[%emt 00:02:59]} Rg3 {[%clk 00:30:05]}
{[%emt 00:10:46]} 22. Nb6 {[%clk 00:34:00]} {[%emt 00:02:11]} Ng7 {[%clk
00:30:09]} {[%emt 00:00:26]} 23. Kh2 {[%clk 00:31:57]} {[%emt 00:02:33]} Rg6
{[%clk 00:28:21]} {[%emt 00:02:18]} 24. Rg1 {[%clk 00:29:33]} {[%emt 00:02:53]}
Ng4+ {[%clk 00:24:47]} {[%emt 00:04:05]} 25. Nxg4 {[%clk 00:26:39]} {[%emt
00:03:23]} fxg4 {[%clk 00:25:11]} {[%emt 00:00:06]} 26. Nxc8 {[%clk 00:27:02]}
{[%emt 00:00:08]} Rxc8 {[%clk 00:25:05]} {[%emt 00:00:35]} 27. Bd3 {[%clk
00:26:35]} {[%emt 00:00:56]} Qh4 {[%clk 00:19:16]} {[%emt 00:06:20]} 28. Bxe4
{[%clk 00:26:50]} {[%emt 00:00:15]} Rh6 {[%clk 00:16:55]} {[%emt 00:02:51]} 29.
Qc3 {[%clk 00:20:29]} {[%emt 00:06:51]} Rf8 {[%clk 00:14:28]} {[%emt 00:02:58]}
30. f5 {[%clk 00:15:21]} {[%emt 00:05:37]} Kg8 {[%clk 00:10:19]} {[%emt
00:04:39]} 31. Qg3 {[%clk 00:13:58]} {[%emt 00:01:52]} Qh5 {[%clk 00:09:39]}
{[%emt 00:01:10]} 32. Rgf1 {[%clk 00:12:09]} {[%emt 00:02:18]} Nxf5 {[%clk
00:05:54]} {[%emt 00:04:16]}  1/2-1/2

[Event "2022 Welsh Championship"]
[Site "Cardiff"]
[Date "2022.04.18"]
[Round "7"]
[Board "6"]
[White "Zeidler, Sven P."]
[Black "Lavender, James"]
[Result "1-0"]
[WhiteElo "2157"]
[BlackElo "2039"]
[PlyCount "0"]
[EventDate "2022.04.15"]
[EventRounds "7"]
[EventCountry "WLS"]

1. e4 {[%clk 01:30:57]} {[%emt 00:00:02]} e5 {[%clk 01:30:55]} {[%emt
00:00:06]} 2. Nf3 {[%clk 01:31:23]} {[%emt 00:00:04]} Nc6 {[%clk 01:31:20]}
{[%emt 00:00:05]} 3. c3 {[%clk 01:31:49]} {[%emt 00:00:03]} d5 {[%clk
01:31:46]} {[%emt 00:00:04]} 4. Qa4 {[%clk 01:32:07]} {[%emt 00:00:13]} f6
{[%clk 01:32:08]} {[%emt 00:00:08]} 5. d3 {[%clk 01:32:07]} {[%emt 00:00:30]}
Be6 {[%clk 01:32:28]} {[%emt 00:00:10]} 6. Be2 {[%clk 01:30:58]} {[%emt
00:01:38]} Qd7 {[%clk 01:29:51]} {[%emt 00:03:06]} 7. O-O {[%clk 01:30:23]}
{[%emt 00:01:05]} Nge7 {[%clk 01:29:53]} {[%emt 00:00:27]} 8. Rd1 {[%clk
01:19:24]} {[%emt 00:11:30]} d4 {[%clk 01:28:19]} {[%emt 00:02:04]} 9. Na3
{[%clk 01:18:33]} {[%emt 00:01:22]} a6 {[%clk 01:28:09]} {[%emt 00:00:40]} 10.
cxd4 {[%clk 01:16:25]} {[%emt 00:02:38]} Nxd4 {[%clk 01:23:31]} {[%emt
00:05:07]} 11. Qxd7+ {[%clk 01:16:38]} {[%emt 00:00:17]} Kxd7 {[%clk 01:23:54]}
{[%emt 00:00:06]} 12. Nxd4 {[%clk 01:16:29]} {[%emt 00:00:39]} exd4 {[%clk
01:24:21]} {[%emt 00:00:03]} 13. b3 {[%clk 01:13:41]} {[%emt 00:03:19]} Nc8
{[%clk 01:18:34]} {[%emt 00:06:16]} 14. Bb2 {[%clk 01:09:54]} {[%emt 00:04:17]}
c5 {[%clk 01:13:20]} {[%emt 00:05:43]} 15. Rdc1 {[%clk 01:09:21]} {[%emt
00:01:04]} b5 {[%clk 01:13:13]} {[%emt 00:00:36]} 16. b4 {[%clk 01:08:02]}
{[%emt 00:01:50]} cxb4 {[%clk 01:11:00]} {[%emt 00:02:42]} 17. Nc2 {[%clk
01:08:17]} {[%emt 00:00:16]} Nb6 {[%clk 01:07:25]} {[%emt 00:04:04]} 18. Nxd4
{[%clk 01:07:47]} {[%emt 00:01:00]} Na4 {[%clk 00:57:45]} {[%emt 00:10:10]} 19.
Nxe6 {[%clk 01:07:41]} {[%emt 00:00:37]} Kxe6 {[%clk 00:55:33]} {[%emt
00:02:41]} 20. Bd4 {[%clk 00:58:18]} {[%emt 00:09:53]} Rd8 {[%clk 00:55:34]}
{[%emt 00:00:29]} 21. Rc6+ {[%clk 00:53:14]} {[%emt 00:05:35]} Ke7 {[%clk
00:43:12]} {[%emt 00:12:51]} 22. Rc7+ {[%clk 00:49:43]} {[%emt 00:04:02]} Rd7
{[%clk 00:35:18]} {[%emt 00:08:24]} 23. Rac1 {[%clk 00:48:58]} {[%emt
00:01:15]} Nc3 {[%clk 00:34:17]} {[%emt 00:01:31]} 24. Bxc3 {[%clk 00:39:08]}
{[%emt 00:10:21]} bxc3 {[%clk 00:34:38]} {[%emt 00:00:08]} 25. R1xc3 {[%clk
00:39:20]} {[%emt 00:00:18]} Rxc7 {[%clk 00:33:20]} {[%emt 00:01:49]} 26. Rxc7+
{[%clk 00:39:28]} {[%emt 00:00:21]} Kd6 {[%clk 00:33:39]} {[%emt 00:00:10]} 27.
Rc8 {[%clk 00:35:03]} {[%emt 00:04:56]} g6 {[%clk 00:33:36]} {[%emt 00:00:32]}
28. Ra8 {[%clk 00:33:15]} {[%emt 00:02:17]} Bg7 {[%clk 00:33:26]} {[%emt
00:00:40]} 29. Ra7 {[%clk 00:32:29]} {[%emt 00:01:17]} Rg8 {[%clk 00:32:23]}
{[%emt 00:01:33]} 30. d4 {[%clk 00:32:34]} {[%emt 00:00:25]} f5 {[%clk
00:30:54]} {[%emt 00:01:58]} 31. Rxa6+ {[%clk 00:32:22]} {[%emt 00:00:42]}  1-0

[Event "2022 Welsh Championship"]
[Site "Cardiff"]
[Date "2022.04.18"]
[Round "7"]
[Board "7"]
[White "Turner, Joseph David"]
[Black "Smith, Lynda"]
[Result "1-0"]
[WhiteElo "1888"]
[BlackElo "1772"]
[PlyCount "0"]
[EventDate "2022.04.15"]
[EventRounds "7"]
[EventCountry "WLS"]

1. e4 {[%clk 01:30:59]} {[%emt 01:32:01]} c5 {[%clk 01:30:57]} {[%emt
00:00:04]} 2. b3 {[%clk 01:31:19]} {[%emt 00:00:09]} e6 {[%clk 01:31:13]}
{[%emt 00:00:14]} 3. Bb2 {[%clk 01:28:38]} {[%emt 00:03:11]} Nf6 {[%clk
01:30:22]} {[%emt 00:01:21]} 4. e5 {[%clk 01:23:21]} {[%emt 00:05:46]} Nd5
{[%clk 01:30:08]} {[%emt 00:00:44]} 5. c4 {[%clk 01:22:50]} {[%emt 00:01:01]}
Nc7 {[%clk 01:30:05]} {[%emt 00:00:33]} 6. Nc3 {[%clk 01:20:31]} {[%emt
00:02:49]} d5 {[%clk 01:29:52]} {[%emt 00:00:44]} 7. exd6 {[%clk 01:14:52]}
{[%emt 00:06:10]} Qxd6 {[%clk 01:28:06]} {[%emt 00:02:15]} 8. Ne4 {[%clk
01:09:35]} {[%emt 00:05:45]} Qd8 {[%clk 01:27:11]} {[%emt 00:01:26]} 9. Nf3
{[%clk 00:52:54]} {[%emt 00:17:11]} Nc6 {[%clk 01:27:04]} {[%emt 00:00:38]} 10.
Be2 {[%clk 00:49:55]} {[%emt 00:03:30]} Nd4 {[%clk 01:22:34]} {[%emt 00:05:00]}
11. O-O {[%clk 00:48:13]} {[%emt 00:02:12]} Be7 {[%clk 01:19:00]} {[%emt
00:04:04]} 12. Nxd4 {[%clk 00:42:17]} {[%emt 00:06:26]} cxd4 {[%clk 01:19:23]}
{[%emt 00:00:06]} 13. Qc2 {[%clk 00:40:48]} {[%emt 00:01:59]} O-O {[%clk
01:18:55]} {[%emt 00:00:57]} 14. Qd3 {[%clk 00:35:33]} {[%emt 00:05:46]} f5
{[%clk 01:15:02]} {[%emt 00:04:23]} 15. Ng3 {[%clk 00:32:57]} {[%emt 00:03:06]}
f4 {[%clk 01:11:24]} {[%emt 00:04:08]} 16. Ne4 {[%clk 00:30:08]} {[%emt
00:03:18]} e5 {[%clk 01:11:42]} {[%emt 00:00:12]} 17. f3 {[%clk 00:18:14]}
{[%emt 00:12:25]} Bf5 {[%clk 01:10:03]} {[%emt 00:02:09]} 18. Qb1 {[%clk
00:15:27]} {[%emt 00:03:17]} Bb4 {[%clk 01:05:05]} {[%emt 00:05:27]} 19. Bd3
{[%clk 00:12:34]} {[%emt 00:03:24]} Qh4 {[%clk 01:00:54]} {[%emt 00:04:41]} 20.
Nf2 {[%clk 00:08:52]} {[%emt 00:04:12]} Bxd3 {[%clk 00:59:31]} {[%emt
00:01:53]} 21. Qxd3 {[%clk 00:09:09]} {[%emt 00:00:13]} Ne6 {[%clk 00:57:36]}
{[%emt 00:02:25]} 22. Qe4 {[%clk 00:07:27]} {[%emt 00:02:10]} Bxd2 {[%clk
00:55:49]} {[%emt 00:02:19]} 23. Qxe5 {[%clk 00:06:40]} {[%emt 00:01:17]} Qf6
{[%clk 00:55:15]} {[%emt 00:01:04]} 24. Qxf6 {[%clk 00:06:36]} {[%emt
00:00:34]} Rxf6 {[%clk 00:55:24]} {[%emt 00:00:21]} 25. Ng4 {[%clk 00:05:12]}
{[%emt 00:01:54]} Be3+ {[%clk 00:55:12]} {[%emt 00:00:43]} 26. Kh1 {[%clk
00:05:17]} {[%emt 00:00:25]} Rff8 {[%clk 00:54:10]} {[%emt 00:01:31]} 27. Rae1
{[%clk 00:03:16]} {[%emt 00:02:30]} Rfc8 {[%clk 00:53:31]} {[%emt 00:01:09]} 28.
g3 {[%clk 00:02:23]} {[%emt 00:01:24]} g5 {[%clk 00:52:57]} {[%emt 00:01:04]}
29. Nh6+ {[%clk 00:02:11]} {[%emt 00:00:43]} Kg7 {[%clk 00:52:15]} {[%emt
00:01:12]} 30. Nf5+ {[%clk 00:02:14]} {[%emt 00:00:26]} Kf8 {[%clk 00:51:14]}
{[%emt 00:01:31]} 31. gxf4 {[%clk 00:01:30]} {[%emt 00:01:15]} gxf4 {[%clk
00:50:55]} {[%emt 00:00:49]} 32. Ba3+ {[%clk 00:01:45]} {[%emt 00:00:15]} Nc5
{[%clk 00:50:09]} {[%emt 00:01:15]} 33. Rd1 {[%clk 00:01:14]} {[%emt 00:01:01]}
d3 {[%clk 00:48:50]} {[%emt 00:01:50]} 34. Nxe3 {[%clk 00:01:19]} {[%emt
00:00:25]} fxe3 {[%clk 00:48:45]} {[%emt 00:00:34]} 35. Rxd3 {[%clk 00:01:42]}
{[%emt 00:00:07]} e2 {[%clk 00:47:22]} {[%emt 00:01:53]} 36. Re1 {[%clk
00:02:06]} {[%emt 00:00:06]} Kf7 {[%clk 00:47:42]} {[%emt 00:00:10]} 37. Bxc5
{[%clk 00:02:15]} {[%emt 00:00:20]} Rxc5 {[%clk 00:48:09]} {[%emt 00:00:03]} 38.
Rxe2 {[%clk 00:02:36]} {[%emt 00:00:09]} Rg8 {[%clk 00:48:02]} {[%emt
00:00:37]} 39. Rd7+ {[%clk 00:02:32]} {[%emt 00:00:34]} Kf6 {[%clk 00:48:23]}
{[%emt 00:00:09]} 40. Rd5 {[%clk 00:02:26]} {[%emt 00:00:36]} Rc7 {[%clk
00:48:01]} {[%emt 00:00:52]} 41. Rg2 {[%clk 00:02:22]} {[%emt 00:00:34]} Re8
{[%clk 00:48:19]} {[%emt 00:00:13]} 42. Rd6+ {[%clk 00:02:13]} {[%emt
00:00:39]} Kf7 {[%clk 00:48:29]} {[%emt 00:00:20]} 43. Rgd2 {[%clk 00:02:18]}
{[%emt 00:00:25]} Rce7 {[%clk 00:48:27]} {[%emt 00:00:32]} 44. Rd7 {[%clk
00:02:33]} {[%emt 00:00:14]} Kf6 {[%clk 00:48:39]} {[%emt 00:00:19]} 45. Rxe7
{[%clk 00:02:29]} {[%emt 00:00:34]} Rxe7 {[%clk 00:49:05]} {[%emt 00:00:05]} 46.
Kg2 {[%clk 00:02:50]} {[%emt 00:00:08]}  1-0

[Event "2022 Welsh Championship"]
[Site "Cardiff"]
[Date "2022.04.18"]
[Round "7"]
[Board "8"]
[White "Rathbone-Jones, Ifan"]
[Black "Davis, Lee"]
[Result "1/2-1/2"]
[WhiteElo "1915"]
[BlackElo "1944"]
[PlyCount "0"]
[EventDate "2022.04.15"]
[EventRounds "7"]
[EventCountry "WLS"]

1. d4 {[%clk 01:30:58]} {[%emt 00:00:02]} Nf6 {[%clk 01:30:52]} {[%emt
00:00:08]} 2. Bf4 {[%clk 01:31:20]} {[%emt 00:00:08]} g6 {[%clk 01:31:11]}
{[%emt 00:00:11]} 3. Nc3 {[%clk 01:31:45]} {[%emt 00:00:05]} Bg7 {[%clk
01:31:10]} {[%emt 00:00:30]} 4. e4 {[%clk 01:32:11]} {[%emt 00:00:04]} d6
{[%clk 01:31:37]} {[%emt 00:00:03]} 5. Qd2 {[%clk 01:32:34]} {[%emt 00:00:07]}
O-O {[%clk 01:30:17]} {[%emt 00:01:49]} 6. O-O-O {[%clk 01:32:52]} {[%emt
00:00:12]} c6 {[%clk 01:30:07]} {[%emt 00:00:41]} 7. f3 {[%clk 01:33:17]}
{[%emt 00:00:05]} Qa5 {[%clk 01:28:43]} {[%emt 00:01:54]} 8. Bh6 {[%clk
01:32:52]} {[%emt 00:00:54]} b5 {[%clk 01:21:11]} {[%emt 00:08:03]} 9. h4
{[%clk 01:32:32]} {[%emt 00:00:50]} b4 {[%clk 01:20:32]} {[%emt 00:01:10]} 10.
Nb1 {[%clk 01:33:00]} {[%emt 00:00:01]} Bxh6 {[%clk 01:10:01]} {[%emt
00:11:01]} 11. Qxh6 {[%clk 01:33:24]} {[%emt 00:00:05]} Qh5 {[%clk 01:10:23]}
{[%emt 00:00:08]} 12. Qd2 {[%clk 01:33:39]} {[%emt 00:00:14]} Qa5 {[%clk
01:10:26]} {[%emt 00:00:28]} 13. h5 {[%clk 01:26:29]} {[%emt 00:07:41]} Nxh5
{[%clk 01:06:58]} {[%emt 00:03:58]} 14. g4 {[%clk 01:26:51]} {[%emt 00:00:07]}
Nf6 {[%clk 01:07:04]} {[%emt 00:00:24]} 15. Qh6 {[%clk 01:26:47]} {[%emt
00:00:33]} Nbd7 {[%clk 01:03:25]} {[%emt 00:04:10]} 16. Bd3 {[%clk 01:22:21]}
e5 {[%clk 00:58:30]} {[%emt 00:10:21]} 17. Ne2 {[%clk 01:22:36]} Re8 {[%clk
00:58:22]} {[%emt 00:00:53]} 18. g5 {[%clk 01:22:50]} Nh5 {[%clk 00:58:24]}
{[%emt 00:00:44]} 19. Rxh5 {[%clk 01:20:33]} gxh5 {[%clk 00:58:47]} {[%emt
00:02:54]} 20. d5 {[%clk 01:20:50]} {[%emt 00:00:13]} Kh8 {[%clk 00:55:07]}
{[%emt 00:04:09]} 21. Ng3 {[%clk 01:17:18]} {[%emt 00:04:03]} Rg8 {[%clk
00:55:23]} {[%emt 00:00:13]} 22. dxc6 {[%clk 01:17:46]} {[%emt 00:00:02]} Rg6
{[%clk 00:55:40]} {[%emt 00:00:13]} 23. cxd7 {[%clk 01:17:52]} {[%emt
00:00:25]} Bxd7 {[%clk 00:55:25]} {[%emt 00:00:46]} 24. Qxh5 {[%clk 01:18:03]}
{[%emt 00:00:18]} Qd8 {[%clk 00:54:31]} {[%emt 00:01:24]} 25. Nf5 {[%clk
01:00:42]} {[%emt 00:17:50]}  1/2-1/2